| 000 | 01615 a2200493 4500 | ||
|---|---|---|---|
| 003 | Nust | ||
| 005 | 20170207154051.0 | ||
| 020 | _a978-0-470-28716-3 | ||
| 035 | _a(Mo)b1773183 | ||
| 035 | _aDAW11688019 | ||
| 040 | _cNust | ||
| 082 | 0 | 0 | _a382.45687115 |
| 100 | 1 | _aPietra Rivoli | |
| 245 | 1 | 4 |
_aThe travels of a t-shirt in the global economy (E-Book) _ban economist examines the markets, power, and politics of world trade/ _cPietra Rivoli |
| 250 | _a2. uppl. | ||
| 260 |
_aHoboken, N.J.: _bJohn Wiley & Sons, _ccop. 2009 |
||
| 300 |
_axvi, 316 s.: _bill. |
||
| 505 | _aPart I King Cotton 1 Part 2 Made In China 75 Part 3 Trouble At The Border 141 Part 4 My T-Shirt Finally Encounters A Free Market 213 | ||
| 650 | 0 | _aFree trade | |
| 650 | 0 | _aFree trade | |
| 650 | 0 | _aFree trade. | |
| 650 | 0 | _aFrihandel | |
| 650 | 0 | _aFrihandel | |
| 650 | 0 | _aGlobalisering | |
| 650 | 0 | _aGlobalisering | |
| 650 | 0 | _aGlobalization | |
| 650 | 0 | _aGlobalization | |
| 650 | 0 | _aInternational economic relations | |
| 650 | 0 | _aInternational economic relations. | |
| 650 | 0 | _ainternational trade | |
| 650 | 0 | _aInternational trade | |
| 650 | 0 | _aInternational trade | |
| 650 | 0 | _aInternational trade. | |
| 650 | 0 | _aInternationell handel | |
| 650 | 0 | _aInternationell handel | |
| 650 | 0 | _atextile industry | |
| 650 | 0 |
_aTextilindustri _xinternationella aspekter |
|
| 650 | 0 |
_aTextilindustri _xinternationella aspekter |
|
| 650 | 0 | _atrade liberalization | |
| 650 | 0 | _aT-shirt industry | |
| 650 | 0 | _aT-shirt industry. | |
| 651 | _aThe travels of a t-shirt in the global economy (E-Book) | ||
| 655 | 4 | _aBok | |
| 942 |
_2ddc _cBK |
||
| 999 |
_c193130 _d193130 |
||